LEADER 02387nam 2200529 450 001 9910808661003321 005 20220818064850.0 010 $a0-8218-8109-4 010 $a0-8218-3869-5 035 $a(CKB)3240000000069956 035 $a(EBL)3113248 035 $a(SSID)ssj0000629298 035 $a(PQKBManifestationID)11398663 035 $a(PQKBTitleCode)TC0000629298 035 $a(PQKBWorkID)10718912 035 $a(PQKB)10855969 035 $a(MiAaPQ)EBC3113248 035 $a(RPAM)14685405 035 $a(PPN)197107575 035 $a(EXLCZ)993240000000069956 100 $a20070104h20072007 uy| 0 101 0 $aeng 135 $aur|n|---||||| 181 $ctxt 182 $cc 183 $acr 200 10$aErgodic theory and related fields $e2004-2006 Chapel Hill Workshops on Probability and Ergodic Theory, University of North Carolina Chapel Hill, North Carolina /$fIdris Assani, editor 210 1$aProvidence, Rhode Island :$cAmerican Mathematical Society,$d[2007] 210 4$dİ2007 215 $a1 online resource (154 p.) 225 1 $aContemporary mathematics,$v430$x0271-4132 300 $aDescription based upon print version of record. 320 $aIncludes bibliographical references. 327 $aContents -- Preface -- Averages along cubes for not necessarily commuting m.p.t. -- On the one-sided ergodic Hilbert transform -- Concepts behind divergent ergodic averages along the squares -- Deterministic walks in Markov environments with constant rigidity -- On random Fourier-Stieltjes transforms -- Limit theorems for sequential expanding dynamical systems on [0, 1] -- 1. Sequential dynamical systems -- 2. Decorrelation for products of operators -- 3. Application to some classes of expanding maps of [0, 1] -- 4. A Borel-Cantelli lemma -- 5. Central limit theorems -- References -- {mn}-odometer and the binary odometer are finitarily orbit equivalent -- Some open problems. 410 0$aContemporary mathematics,$v430.$x0271-4132 606 $aErgodic theory$vCongresses 615 0$aErgodic theory 676 $a515/.48 702 $aAssani$b Idris 712 12$aChapel Hill Ergodic Theory Workshop. 801 0$bMiAaPQ 801 1$bMiAaPQ 801 2$bMiAaPQ 906 $aBOOK 912 $a9910808661003321 996 $aErgodic theory and related fields$9709838 997 $aUNINA LEADER 01274oam 2200445zu 450 001 9910140697003321 005 20241212215951.0 010 $a9781424474271 010 $a1424474272 035 $a(CKB)2670000000033607 035 $a(SSID)ssj0000506918 035 $a(PQKBManifestationID)12161400 035 $a(PQKBTitleCode)TC0000506918 035 $a(PQKBWorkID)10546405 035 $a(PQKB)10901511 035 $a(NjHacI)992670000000033607 035 $a(EXLCZ)992670000000033607 100 $a20160829d2010 uy 101 0 $aeng 135 $aur||||||||||| 181 $ctxt 182 $cc 183 $acr 200 10$a2010 American Control Conference 210 31$a[Place of publication not identified]$cIEEE$d2010 215 $a1 online resource $cillustrations 300 $aBibliographic Level Mode of Issuance: Monograph 311 08$a9781424474264 311 08$a1424474264 606 $aAutomatic control$vCongresses 606 $aDigital control systems$vCongresses 615 0$aAutomatic control 615 0$aDigital control systems 676 $a629.8 702 $aIEEE Staff 801 0$bPQKB 906 $aPROCEEDING 912 $a9910140697003321 996 $a2010 American Control Conference$92501601 997 $aUNINA